Is There an Optimum Level of Population (Record no. 1449353)

MARC details
000 -LEADER
fixed length control field 00534nam a2200193Ia 4500
005 - DATE AND TIME OF LATEST TRANSACTION
control field 20250923145257.0
008 - FIXED-LENGTH DATA ELEMENTS--GENERAL INFORMATION
fixed length control field 008 250917s9999 xx 000 0 eng d
037 ## - SOURCE OF ACQUISITION
Stock number Textual
040 ## - CATALOGING SOURCE
Original cataloging agency DSWL
Language of cataloging eng
Transcribing agency DSWL
041 ## - LANGUAGE CODE
Language code of text/sound track or separate title eng
Source of code eng
084 ## - COLON CLASSIFICATION NUMBER
Classification number Y:5:gx, N71
Assigning agency DSWL
245 #0 - TITLE STATEMENT
Title Is There an Optimum Level of Population
Statement of responsibility, etc. Ed. by S. Fred Singer
260 ## - PUBLICATION, DISTRIBUTION, ETC.
Place of publication, distribution, etc. New York
Name of publisher, distributor, etc. McGraw Hill
Date of publication, distribution, etc. 1971
300 ## - PHYSICAL DESCRIPTION
Extent xiv,426p.
365 ## - TRADE PRICE
Price type code USD
Price amount 12.5
925 ## -
-- 12.5
942 ## - ADDED ENTRY ELEMENTS (KOHA)
Koha item type Textual
Classification part Y:5:gx, N71
Holdings
Withdrawn status Lost status Damaged status Not for loan Home library Current library Date acquired Source of acquisition Inventory number Total Checkouts Full call number Barcode Date last seen Price effective from Koha item type
        Department of Social Work Library Department of Social Work Library 2025-09-23 Through : The Population Council Cift New York Through : The Population Council   Y:5:gx, N71 SW0016532 2025-09-23 2025-09-23 Textual
Copyright @ Delhi University Library System